Comentarios reales de los incas / (Record no. 1523)

000 -CABECERA
fixed length control field 00806nam a22001817a 4500
003 - IDENTIFICADOR DEL NÚMERO DE CONTROL
control field AR-CdUCM
008 - DATOS DE LONGITUD FIJA--INFORMACIÓN GENERAL
fixed length control field 190227b ||||| |||| 00| 0 spa d
020 ## - NÚMERO INTERNACIONAL ESTÁNDAR DEL LIBRO
ISBN 9786124548024
040 ## - FUENTE DE LA CATALOGACIÓN
Agencia/entidad que catalogó originalmente la obra MUNICIPALIDAD PROVINCIAL DEL CUSCO
Entidad que transcribió la catalogación BIBLIOTECA MUNICIPAL DEL CUSCO
082 ## - NÚMERO DE LA CLASIFICACIÓN DECIMAL DEWEY
No. de Clasificación 985.01 /
Notacion interna G24
100 ## - ENTRADA PRINCIPAL--NOMBRE DE PERSONA
Nombre Personal Garcilazo de la Vega, Inca.
245 ## - MENCIÓN DE TÍTULO
Título Comentarios reales de los incas /
260 ## - PUBLICACIÓN, DISTRIBUCIÓN, ETC.
Lugar de publicación, distribución, etc. Cusco :
Nombre de la editorial, distribuidor, etc. Piki E.R.I.L.,
Fecha de publicación, distribución, etc. [2009].
300 ## - DESCRIPCIÓN FÍSICA
Nº de Páginas Extensión 212 páginas ;
Dimensiones 20.5 cm.
Otros detalles físicos Ilustraciones.
505 ## - NOTA DE CONTENIDO CON FORMATO
Nota de contenido formateada [Libro primero al libro noveno]<br/>Manco Cápac -- Sinchi Roca -- Lloque Yupanqui -- Mayta Capac -- Cápac Yupanqui -- Inca roca -- Yawar Huaca -- Viracocha -- Pachacuteq -- Inca Yupanqui -- Túpac yupanqui -- Huaina Capac -- Huascar -- Atahuallpa ...
942 ## - ELEMENTOS DE PUNTO DE ACCESO ADICIONAL (KOHA)
Fuente de clasificación
Tipo de item Libros-BMC
945 ## - PROCESAMIENTO DE INFORMACIÓN LOCAL (OCLC)
Catalogador lccs
AAAA-MM-DD - Fecha de ingreso o modificacion 2019-02-27
Holdings
Estado de retiro (separado) Fuente de clasificación o esquema de estanterías Estado dañado Ubicación Sala donde se ubica Nombre de la colección Fecha de adquisición o compra Costo, precio normal en soles Signatura topográfica Código de Barras Última vez visto (Koha) Tipo de ítem (Koha)
No     Sala Humanidades Sala Humanidades Book Cart 2019-02-27 15.00 985.01 / G24 / 2009 SH0000001813 2019-02-27 Libros-BMC

Powered by Koha